Statistics for General Knowledge Quiz #201

Click here to take the quiz!

General Stats

  • This quiz has been taken 10,262 times
  • The average score is 13 of 20

Answer Stats

Question Answer % Correct
What's the capital of Hungary?Budapest
93%
Which two names have each been used by eight different English kings?Henry
84%
Who grew up in Smallville but moved to Metropolis?Superman
81%
There are two words in the English language that start with Q and end in Z.
What are they?
Quiz
81%
What body part is the Great Sphinx of Giza missing?Nose
80%
What is the name of Switzerland's currency?Swiss Franc
73%
What does a bigamist have two of?Spouses
72%
What famous book has a sequel entitled "Through the Looking-Glass"?Alice's Adventures in
Wonderland
70%
What type of nut is named for a country?{Brazil} Nut
69%
What country was ruled by Hosni Mubarak from 1981 until his overthrow in 2011?Egypt
62%
What specific mountain has its own emoji?Mt. Fuji
62%
Which two names have each been used by eight different English kings?Edward
62%
What are the two missing letters in this sequence: _ _ X L C D M?IV
62%
There are two words in the English language that start with Q and end in Z. What are they?Quartz
60%
Who collaborated with Matt Damon to write the script for "Good Will Hunting"?Ben Affleck
58%
What river is mentioned the most times in the Bible?Jordan
58%
Who protested for peace by staying in bed for an entire week in a luxury hotel
in Amsterdam in 1969?
John Lennon and
Yoko Ono
55%
Who invented the phonograph?Thomas Edison
53%
What is the female equivalent of "aviator"?Aviatrix
53%
What fish, found in the Caspian Sea, has been known to grow to over
1000 kilograms in weight?
Beluga Sturgeon
33%

Score Distribution

Percentile by Number Answered

Percent of People with Each Score

Your Score History

You have not taken this quiz